000 00514nam a2200145Ia 4500
008 090122s9999 xx 000 0 und d
082 _b9526
100 _aहवळीकर
_bमधुकर
_cकेशव
245 _aपर्यावरण आणि संस्कृती
600 _aहवळीकर
630 _aपर्यावरण आणि संस्कृती
700 _aहवळीकर
730 _aपर्यावरण आणि संस्कृती
942 _cBOOK
999 _c33603
_d33603